| 000 | 00885cab a2200229 4500 | ||
|---|---|---|---|
| 001 | ABS37187 | ||
| 008 | 090401t1986 xxu||||| |||| 00| 0 eng d | ||
| 035 | _a(Sirsi) u2720 | ||
| 041 | _aeng | ||
| 110 |
_aAnthony Williams and Partners _93 |
||
| 245 | _aHull warehouse conversion | ||
| 260 | _c1986 | ||
| 350 | _a0 | ||
| 490 |
_aBuilding _v251 (50) 12 December 1986,37-44 (6) |
||
| 520 | _aA Building Dossier on the refurbishment and conversion into 28 flats of the C19th Courtaulds Merchants Warehouse in Hull `s Old Town conservation area. Includes cost commentary,developer`s report,architect`s report,contractor`s report,elemental cost analysis contract and materials information. | ||
| 650 | _aBUILT ENVIRONMENT-BUILDING COSTS | ||
| 650 | _aBUILDING PROJECTS | ||
| 650 | _aURBAN DEVELOPMENT GRANTS | ||
| 690 |
_aRefurbishment _96264 |
||
| 942 | _n0 | ||
| 948 | _c04/03/1997 | ||
| 999 |
_c1639 _d1639 |
||